000 00578nam a2200169Ia 4500
003 GCL
008 140319s9999 xx 000 0 ara d
040 _aGCL /
_cGCL
082 0 4 _a320.9
_bع ج
100 1 _aعبدالوهاب المسيرى
245 1 0 _aجارودى: الاساطير الزائفة وانتصار الانسان /
_cعبدالوهاب المسيرى
300 _a71 ص
490 _aالهيئة العامة للاستعلامات
_v0
650 0 4 _aالنزاع العربى الاسرائيلى
650 0 4 _aروجيه جارودى
942 _2ddc
_cBK
999 _c50572
_d50572